Marcos de microconcreto sometidos a cargas permanentes y laterales : evaluación experimental de la adherencia entre el refuerzo y el concreto
Zapisane w:
| 1. autor: | |
|---|---|
| Format: | Książka |
| Wydane: |
San José, C.R.
1998
|
| Hasła przedmiotowe: | |
| Etykiety: |
Dodaj etykietę
Nie ma etykietki, Dołącz pierwszą etykiete!
|
MARC
| LEADER | 00000nam a2200000Ia 4500 | ||
|---|---|---|---|
| 003 | 008441 | ||
| 005 | 20221231144224.0 | ||
| 008 | 140114s1998 cr a m 000 ||s d | ||
| 040 | |c cru CEDI | ||
| 090 | |a TFG 3828 | ||
| 100 | |a Ezpeleta Aguilar, Luis Francisco de |9 9053 | ||
| 245 | |a Marcos de microconcreto sometidos a cargas permanentes y laterales : evaluación experimental de la adherencia entre el refuerzo y el concreto | ||
| 260 | |c 1998 |a San José, C.R. | ||
| 300 | |a 65 hojas : ilustraciones (algunas a color) | ||
| 500 | |a Proyecto de graduación (licenciatura en ingeniería civil)--Universidad de Costa Rica. Facultad de Ingeniería. Escuela de Ingeniería Civil | ||
| 650 | |x RESISTENCIA DE MATERIALES - EXPERIMENTOS |x MARCOS ESTRUCTURALES |x CEMENTO PORTLAND - PRUEBAS |x ESTRUCTURAS DE ACERO |9 9054 | ||
| 942 | |c TFG | ||
| 999 | |c 18653 |d 18653 | ||
